000 00325pab a2200145 454500
008 180718b1985 xxu||||| |||| 00| 0 eng d
100 _aSharma, S.P.
245 _aTaxes on property and incentives
260 _c1985
300 _a377-86
362 _aAug.
650 _aIncome Tax
773 _aTax - Net
909 _a10315
999 _c10315
_d10315